[Event "XVI Open"]
[Site "Crema ITA"]
[Date "2015.09.06"]
[Round "5"]
[White "Formento, Paolo"]
[Black "Bevilacqua, Maurizio"]
[WhiteElo "2212"]
[BlackElo "2074"]
[Result "1-0"]
[PlyCount "77"]
[EventDate "2015.09.04"]

1. d4 Nf6 2. c4 c5 3. d5 g6 4. Nc3 Bg7 5. Nf3 d6 6. h3 Qa5 7. Bd2 a6 8. e4 Qc7
9. Bf4 O-O 10. Qd2 b5 11. cxb5 axb5 12. Bxb5 Ba6 13. Bxa6 Rxa6 14. O-O Nbd7 15.
Bh6 Rb8 16. Bxg7 Kxg7 17. Rab1 Qb7 18. Rfe1 Nb6 19. b3 Qa8 20. Rbd1 Rd8 21. Qe2
Ra3 22. Rd2 c4 23. Nb5 Ra5 24. bxc4 Rc8 25. Rc2 Qa6 26. Nfd4 Ra4 27. Rec1 Nbd7
28. Nc6 Rxc6 29. dxc6 Qxc6 30. Nd4 Qa8 31. Nb3 Nxe4 32. Re1 Ndf6 33. f3 Ng3 34.
Qf2 Ngh5 35. Rxe7 Qd8 36. Re1 Nf4 37. Qd2 g5 38. c5 d5 39. Nd4 1-0

[Event "XVI Open"]
[Site "Crema ITA"]
[Date "2015.09.06"]
[Round "5"]
[White "Gnata, Ilaria"]
[Black "Bongiorni, Gabriele"]
[WhiteElo "1294"]
[BlackElo "1817"]
[Result "0-1"]
[PlyCount "98"]
[EventDate "2015.09.04"]

1. e4 c5 2. c3 d5 3. exd5 Qxd5 4. d4 Nf6 5. Nf3 cxd4 6. cxd4 e6 7. Nc3 Qd8 8.
Bc4 Be7 9. d5 exd5 10. Nxd5 O-O 11. O-O Nxd5 12. Qxd5 Qc7 13. Qe4 Bf6 14. Bf4
Qe7 15. Qxe7 Bxe7 16. Rad1 Nc6 17. Rfe1 Bg4 18. Be2 Bf6 19. Rd2 Be6 20. a3 Rad8
21. Red1 Rxd2 22. Rxd2 Rd8 23. Rxd8+ Nxd8 24. Be5 Bxe5 25. Nxe5 f6 26. Nd3 Bc4
27. f3 Ne6 28. Kf2 Kf8 29. Nb4 Bb3 30. g3 Ke7 31. Ke3 Kd6 32. Kd3 a5 33. Nc2
Kc5 34. Ne3 Nd4 35. Ng2 Bc4+ 36. Ke4 Bxe2 37. Kf4 g5+ 38. Ke3 Bxf3 39. Ne1 g4
40. h3 h5 41. hxg4 hxg4 42. Kf4 Ne2+ 43. Ke3 Nxg3 44. Nxf3 gxf3 45. Kxf3 Nf5
46. Kf4 Nd4 47. Ke3 Kc4 48. Ke4 Kb3 49. Kxd4 Kxb2 0-1

[Event "XVI Open"]
[Site "Crema ITA"]
[Date "2015.09.06"]
[Round "5"]
[White "Goldoni, Claudio"]
[Black "Bonoldi, Fabio"]
[WhiteElo "2071"]
[BlackElo "1788"]
[Result "1-0"]
[PlyCount "141"]
[EventDate "2015.09.04"]

1. e4 g6 2. d4 Bg7 3. Nf3 d6 4. h3 Nf6 5. Bd3 c6 6. c4 O-O 7. Nc3 e5 8. Be3
Nbd7 9. d5 Qc7 10. Qd2 Rd8 11. O-O Nf8 12. Nh2 Qe7 13. Bg5 h5 14. f4 N8h7 15.
Nf3 Nxg5 16. fxg5 Nd7 17. Rf2 Nc5 18. Bc2 Rf8 19. Rd1 Rd8 20. b4 Na6 21. a3 Nc7
22. Bb3 cxd5 23. Nxd5 Nxd5 24. Qxd5 Be6 25. Qd3 Rac8 26. Rc2 Bf8 27. a4 Qc7 28.
Qe3 a5 29. b5 b6 30. Kh2 Qc5 31. Qd2 Qc7 32. Rc3 Qb7 33. Qe3 Be7 34. Rdc1 Kg7
35. Bd1 Qc7 36. Be2 Qc5 37. Qd2 Qc7 38. Rf1 Qb7 39. Qe3 Qc7 40. Nh4 Qc5 41. Qd2
Qd4 42. Qc2 d5 43. exd5 Rxd5 44. Nf3 Bf5 45. Nxd4 Bxc2 46. Nxc2 Rd2 47. Bf3
Bxg5 48. Bd5 f5 49. Ne1 Ra2 50. Nd3 Bf6 51. Re1 e4 52. Rb3 exd3 53. Rxd3 Rxa4
54. Re6 Rb8 55. Rc6 Rb4 56. Re3 a4 57. Ree6 Rf8 58. Rxb6 a3 59. Ra6 Rb3 60. b6
Bg5 61. b7 Bf4+ 62. Kg1 Rb1+ 63. Kf2 Rb2+ 64. Kf3 Bc1 65. Rxg6+ Kh7 66. Rgc6
Re8 67. Rc7+ Kh8 68. Ra8 Rb3+ 69. Kf2 Rbe3 70. Rxe8+ Rxe8 71. Rc8 1-0

[Event "XVI Open"]
[Site "Crema ITA"]
[Date "2015.09.06"]
[Round "5"]
[White "Grillo, Francesco"]
[Black "Piccirillo, Edoardo"]
[WhiteElo "1806"]
[BlackElo "2061"]
[Result "0-1"]
[PlyCount "94"]
[EventDate "2015.09.04"]

1. Nf3 e6 2. g3 f5 3. Bg2 Nf6 4. d4 c6 5. c4 d5 6. Nbd2 Bd6 7. Qc2 O-O 8. O-O
Ne4 9. cxd5 exd5 10. b3 Be6 11. Bb2 Nd7 12. Ne5 Qf6 13. Ndf3 f4 14. Nxd7 Bxd7
15. Ne5 Bf5 16. g4 Bg6 17. Nxg6 Qxg6 18. f3 Nf6 19. Qxg6 hxg6 20. g5 Ne8 21.
Bc3 Nc7 22. Bd2 Ne6 23. e4 dxe4 24. fxe4 Nxd4 25. Rae1 Rae8 26. Bc3 Nc2 27. Re2
Bc5+ 28. Kh1 Ne3 29. Rf3 Rxe4 30. Bh3 Ree8 31. Rd2 Nd5 32. Bb2 Re1+ 33. Rf1
Rfe8 34. Rxe1 Rxe1+ 35. Kg2 Kf7 36. Bc8 Be3 37. Rc2 Nb4 38. Rc4 c5 39. Re4 Re2+
40. Kf3 Rxb2 41. Be6+ Kf8 42. Bd7 Rxh2 43. Be8 Rf2+ 44. Kg4 Rg2+ 45. Kh4 Bf2+
46. Kh3 Rg3+ 47. Kh2 Rxg5 0-1

[Event "XVI Open"]
[Site "Crema ITA"]
[Date "2015.09.06"]
[Round "5"]
[White "Guanciale, Orazio"]
[Black "Palma, Maria"]
[WhiteElo "2172"]
[BlackElo "1987"]
[Result "1-0"]
[PlyCount "87"]
[EventDate "2015.09.04"]

1. e4 e6 2. d4 d5 3. e5 c5 4. c3 Qb6 5. Nf3 Nc6 6. a3 f6 7. Bd3 Bd7 8. O-O cxd4
9. cxd4 f5 10. Kh1 Nge7 11. Nc3 a6 12. b4 h6 13. Na4 Qc7 14. Nc5 g5 15. Bb2 g4
16. Ng1 Ng6 17. f4 h5 18. Qc2 Qc8 19. Bxf5 exf5 20. e6 Bxe6 21. Nxe6 Nge7 22.
Rae1 Rh6 23. Nc5 Kf7 24. Ne2 Bg7 25. Qd2 Qc7 26. Nd3 Nc8 27. Ne5+ Kg8 28. Nc3
N6e7 29. Rc1 Qd8 30. a4 Nd6 31. Ba1 Ne4 32. Nxe4 dxe4 33. Rc5 Bxe5 34. fxe5 Rg6
35. Qa2+ Kf8 36. e6 Qd6 37. Rcxf5+ Nxf5 38. Rxf5+ Ke7 39. d5 Rxe6 40. Rf1 Rg6
41. Bd4 Qxb4 42. Qf2 Qd6 43. Bc5 Qxc5 44. Qxc5+ 1-0

[Event "XVI Open"]
[Site "Crema ITA"]
[Date "2015.09.06"]
[Round "5"]
[White "Maffeis, Fabio"]
[Black "Riboldi, Raffaele"]
[WhiteElo "1594"]
[BlackElo "1839"]
[Result "0-1"]
[PlyCount "46"]
[EventDate "2015.09.04"]

1. d4 Nf6 2. c4 e6 3. Nf3 b6 4. g3 Bb7 5. Bg2 Be7 6. O-O d5 7. Nbd2 O-O 8. Qc2
Nbd7 9. a3 c5 10. dxc5 Nxc5 11. b4 Nce4 12. Nxe4 Nxe4 13. Nd2 Nxd2 14. Bxd2 Rc8
15. Rac1 Ba6 16. Qa4 Bxc4 17. Be3 a6 18. Rxc4 Rxc4 19. Qxa6 Rc2 20. Ra1 Bf6 21.
Rb1 d4 22. Bc1 Qc7 23. Bb2 Rxb2 0-1

[Event "XVI Open"]
[Site "Crema ITA"]
[Date "2015.09.06"]
[Round "5"]
[White "Maraschi, Alberto"]
[Black "Takahashi, Saera"]
[WhiteElo "1347"]
[BlackElo "1545"]
[Result "1-0"]
[PlyCount "87"]
[EventDate "2015.09.04"]

1. e4 c5 2. Nf3 d6 3. d4 cxd4 4. Nxd4 e5 5. Nf3 Be7 6. Nc3 a6 7. b3 Nf6 8. Bb2
Nc6 9. Nd5 h6 10. a4 Nxe4 11. Bc4 Nf6 12. Qd2 Bg4 13. O-O-O Bxf3 14. gxf3 Nxd5
15. Qxd5 O-O 16. Rhg1 Qc7 17. Rg2 Rad8 18. Rdg1 Bf6 19. Kb1 Ne7 20. Qd2 Kh8 21.
Qe3 d5 22. Bd3 Qd6 23. h4 a5 24. Bc1 Qb4 25. Rxg7 Bxg7 26. Rxg7 Qxh4 27. Qxe5
f5 28. Rxe7+ Qf6 29. Qc7 Qg6 30. Bb2+ d4 31. Qe5+ Qf6 32. Qc7 b6 33. Ba3 Rfe8
34. Rh7+ Kg8 35. Bxf5 Re1+ 36. Bc1 Rde8 37. Be4 Rg1 38. Bd5+ Re6 39. Bxe6+ Qxe6
40. Re7 Rg7 41. Rxg7+ Kf8 42. Ba3+ Ke8 43. Re7+ Qxe7 44. Qxe7# 1-0

[Event "XVI Open"]
[Site "Crema ITA"]
[Date "2015.09.06"]
[Round "5"]
[White "Menato, Nazario"]
[Black "Casartelli, Fabio"]
[WhiteElo "1529"]
[BlackElo "1816"]
[Result "0-1"]
[PlyCount "80"]
[EventDate "2015.09.04"]

1. Nf3 Nc6 2. c4 g6 3. Nc3 Bg7 4. d4 d6 5. e4 Bg4 6. d5 Ne5 7. Be2 Bxf3 8. Bxf3
Nf6 9. O-O O-O 10. Be2 Ned7 11. b4 c6 12. Rb1 cxd5 13. cxd5 Rc8 14. Rb3 a6 15.
Bb2 Ne5 16. f4 Nc4 17. Bc1 b5 18. Kh1 Nd7 19. Bg4 Rc7 20. Ne2 h5 21. Bh3 Ndb6
22. Nd4 Bxd4 23. Qxd4 Kh7 24. f5 Nd7 25. Rg3 Nce5 26. Qe3 Rh8 27. fxg6+ fxg6
28. Qg5 Qe8 29. Be6 Kg7 30. h3 h4 31. Rf7+ Qxf7 32. Bxf7 hxg3 33. Be6 Nf6 34.
Be3 Rc2 35. Qxg3 Nxe4 36. Qf4 Rc4 37. Kg1 Rxb4 38. Bc1 Rc4 39. Bb2 Nc3 40. Qf3
Nxf3+ 0-1

[Event "XVI Open"]
[Site "Crema ITA"]
[Date "2015.09.06"]
[Round "5"]
[White "Miconi, Francesco"]
[Black "Mansueti, Marco"]
[WhiteElo "1977"]
[BlackElo "1862"]
[Result "1-0"]
[PlyCount "99"]
[EventDate "2015.09.04"]

1. e4 e5 2. Nf3 Nc6 3. Bc4 Nf6 4. Ng5 d5 5. exd5 Na5 6. Bb5+ c6 7. dxc6 bxc6 8.
Be2 h5 9. Nf3 e4 10. Ne5 Qd4 11. f4 Bc5 12. Rf1 Bd6 13. c3 Qd5 14. b4 Bxe5 15.
fxe5 Qxe5 16. bxa5 Qxh2 17. Qa4 O-O 18. Ba3 Re8 19. Bc5 Qxg2 20. Rg1 Qh2 21.
Qxc6 Bd7 22. Qd6 Qxd6 23. Bxd6 Re6 24. Bc5 Rc6 25. Bd4 a6 26. Na3 Bf5 27. Nc4
Kh7 28. Ne3 Be6 29. a4 Rb8 30. Bb6 Nd7 31. Bxa6 Nxb6 32. axb6 Rcxb6 33. Bb5 f5
34. c4 f4 35. Nc2 g5 36. c5 R6b7 37. c6 Ra7 38. Nd4 Bd5 39. Rc1 Rc7 40. Rc5 Rd8
41. Bc4 Bxc4 42. Rxc4 Rxd4 43. Rxd4 Rxc6 44. Rxe4 Kg6 45. a5 Kf5 46. Ra4 Ra6
47. Kf2 g4 48. Rc1 Kg5 49. Rc5+ Kh4 50. Rxf4 1-0

[Event "XVI Open"]
[Site "Crema ITA"]
[Date "2015.09.06"]
[Round "5"]
[White "Migliorini, Matteo"]
[Black "Ventura, Franco"]
[WhiteElo "2182"]
[BlackElo "2088"]
[Result "1/2-1/2"]
[PlyCount "32"]
[EventDate "2015.09.04"]

1. e4 e5 2. Nf3 d6 3. d4 exd4 4. Qxd4 Nc6 5. Bb5 Bd7 6. Bxc6 Bxc6 7. Nc3 Nf6 8.
Bf4 Be7 9. O-O-O O-O 10. Rhe1 Nd7 11. Nd5 Bxd5 12. Qxd5 Bf6 13. e5 Nxe5 14.
Nxe5 dxe5 15. Bxe5 Qxd5 16. Rxd5 Rae8 1/2-1/2

[Event "XVI Open"]
[Site "Crema ITA"]
[Date "2015.09.06"]
[Round "5"]
[White "Milanesi, Erminio"]
[Black "Rossini, Fulvio"]
[WhiteElo "1791"]
[BlackElo "1964"]
[Result "0-1"]
[PlyCount "50"]
[EventDate "2015.09.04"]

1. g3 d5 2. Nh3 e5 3. f3 Nf6 4. Nf2 Bc5 5. e3 Nc6 6. d3 Be6 7. Bg2 Qd7 8. c3
O-O-O 9. O-O Rdg8 10. Na3 g5 11. d4 Bd6 12. Nb5 g4 13. Nxd6+ Qxd6 14. f4 e4 15.
c4 h5 16. Nxe4 Nxe4 17. Bxe4 dxe4 18. d5 Rd8 19. Qa4 Bxd5 20. cxd5 Qxd5 21. b4
Qc4 22. Bb2 Rd2 23. Rf2 Rxf2 24. Kxf2 Rd8 25. Bd4 Nxd4 0-1

[Event "XVI Open"]
[Site "Crema ITA"]
[Date "2015.09.06"]
[Round "5"]
[White "Nordio, Giorgio"]
[Black "Giretti Kanev, Jasen"]
[WhiteElo "1856"]
[BlackElo "2211"]
[Result "0-1"]
[PlyCount "120"]
[EventDate "2015.09.04"]

1. c4 Nf6 2. g3 c6 3. Nf3 e6 4. b3 b5 5. Bg2 Qb6 6. O-O d5 7. cxb5 cxb5 8. Bb2
Nbd7 9. d3 Bc5 10. e3 O-O 11. Nc3 a5 12. Ne2 Ba6 13. Ne5 Nxe5 14. Bxe5 Ng4 15.
Bd4 b4 16. Re1 Rac8 17. Bxc5 Rxc5 18. d4 Rc7 19. Nf4 Nf6 20. Rc1 Rfc8 21. Rxc7
Qxc7 22. Bf1 Bxf1 23. Kxf1 Qc2 24. Qxc2 Rxc2 25. Re2 Rc3 26. f3 g5 27. Ng2 g4
28. Kf2 Rc1 29. Re1 Rc2+ 30. Re2 Rxe2+ 31. Kxe2 gxf3+ 32. Kxf3 Ne4 33. Nf4 Nc3
34. Nd3 Nxa2 35. Nc5 Nc3 36. Kf4 f6 37. g4 Kf7 38. h4 h6 39. h5 Ke7 40. Kf3 Kf7
41. Kf4 Ke7 42. Kf3 Kd6 43. Kg2 Ne4 44. Na4 Kc6 45. Kg1 e5 46. dxe5 fxe5 47.
Kf1 Nf6 48. g5 hxg5 49. h6 Kd6 50. Nb2 e4 51. Na4 Ke7 52. Ke2 Kf7 53. Nc5 g4
54. h7 Nxh7 55. Nd7 Ke6 56. Nc5+ Kd6 57. Na4 Nf6 58. Nb2 Nd7 59. Kf2 Nc5 60.
Kg2 Nxb3 0-1

[Event "XVI Open"]
[Site "Crema ITA"]
[Date "2015.09.06"]
[Round "5"]
[White "Oteri, Aldo"]
[Black "Marinelli, Guido"]
[WhiteElo "1783"]
[BlackElo "1422"]
[Result "1-0"]
[PlyCount "29"]
[EventDate "2015.09.04"]

1. e4 f6 2. d4 g6 3. Nf3 c6 4. Nc3 d6 5. Bc4 e6 6. O-O h6 7. d5 a6 8. dxe6 Ne7
9. Bf4 Ng8 10. a4 a5 11. Nh4 Ne7 12. Bxd6 Rg8 13. e5 Na6 14. exf6 Nc7 15. f7#
1-0

[Event "XVI Open"]
[Site "Crema ITA"]
[Date "2015.09.06"]
[Round "5"]
[White "Perico, Gianvittorio"]
[Black "Lima, Francesco"]
[WhiteElo "1892"]
[BlackElo "1651"]
[Result "1-0"]
[PlyCount "35"]
[EventDate "2015.09.04"]

1. e4 b6 2. d4 Bb7 3. Nc3 Nf6 4. f3 e6 5. Bd3 c5 6. Nge2 Qc7 7. Bf4 Qc8 8. Nb5
Na6 9. c3 Bc6 10. Nd6+ Bxd6 11. Bxd6 Bb7 12. O-O Qc6 13. e5 Nd5 14. c4 Ne3 15.
Be4 Qc8 16. Qc1 Nxf1 17. Qg5 f6 18. Qxg7 1-0

[Event "XVI Open"]
[Site "Crema ITA"]
[Date "2015.09.06"]
[Round "5"]
[White "Persico, Lorenzo"]
[Black "Marchesotti, Giovanni"]
[WhiteElo "1443"]
[BlackElo "1517"]
[Result "1-0"]
[PlyCount "49"]
[EventDate "2015.09.04"]

1. e4 c5 2. Nc3 e6 3. g3 d5 4. exd5 exd5 5. Bg2 Be6 6. d4 Nc6 7. dxc5 Bxc5 8.
Nxd5 Bxd5 9. Qxd5 Qxd5 10. Bxd5 Nf6 11. Bc4 O-O 12. Bd2 Ng4 13. Nh3 Rfe8+ 14.
Kf1 Nd4 15. Rc1 b5 16. Bd3 Nf3 17. Be1 Rxe1+ 18. Rxe1 Nxe1 19. Kxe1 Re8+ 20.
Kf1 b4 21. Kg2 h6 22. Rd1 g5 23. Bf5 Nf6 24. Ng1 Re2 25. Nxe2 1-0

[Event "XVI Open"]
[Site "Crema ITA"]
[Date "2015.09.06"]
[Round "5"]
[White "Pinna, Ferdinando"]
[Black "Acunzo, Domenico"]
[WhiteElo "1862"]
[BlackElo "1696"]
[Result "1/2-1/2"]
[PlyCount "89"]
[EventDate "2015.09.04"]

1. e4 e6 2. d4 d5 3. Nc3 Bb4 4. e5 c5 5. a3 Bxc3+ 6. bxc3 Ne7 7. Qg4 O-O 8. Bd3
f5 9. exf6 Rxf6 10. Qh4 Nf5 11. Qh3 c4 12. Be2 Qf8 13. Bg5 Rf7 14. Bg4 Nc6 15.
Nf3 g6 16. Ne5 Nxe5 17. dxe5 h5 18. Bd1 b6 19. O-O Bd7 20. a4 Qc5 21. g4 hxg4
22. Qxg4 Be8 23. Bf6 Rh7 24. Kg2 Qf8 25. Bg5 Rc8 26. h4 Rcc7 27. Rh1 Ng7 28.
Bf6 Nh5 29. Qxe6+ Bf7 30. Qg4 Nxf6 31. exf6 Rh5 32. Qg3 Qd8 33. Bxh5 Kh7 34.
Rhg1 Rc6 35. Kf1 Qxf6 36. Bf3 Rc8 37. Re1 Rf8 38. Be2 d4 39. cxd4 Qxd4 40. h5
gxh5 41. c3 Qf6 42. Qf3 Qe5 43. Qb7 Qf5 44. Qxa7 Qh3+ 45. Rg2 1/2-1/2

[Event "XVI Open"]
[Site "Crema ITA"]
[Date "2015.09.06"]
[Round "5"]
[White "Pisani, Valerio"]
[Black "Bini, Massimo"]
[WhiteElo "1739"]
[BlackElo "1988"]
[Result "0-1"]
[PlyCount "84"]
[EventDate "2015.09.04"]

1. e4 e5 2. Nf3 Qe7 3. Bc4 d6 4. h3 c6 5. d3 Nf6 6. Bg5 h6 7. Bxf6 Qxf6 8. Nc3
Nd7 9. Qd2 Nc5 10. a3 b5 11. Ba2 Be6 12. Bxe6 Nxe6 13. Ne2 Be7 14. O-O O-O 15.
Nh2 g5 16. g3 Qg6 17. Kh1 f5 18. f3 Kh7 19. Rf2 f4 20. g4 Bd8 21. Nf1 Bb6 22.
Rh2 Kg7 23. Qb4 Rfd8 24. a4 Bc5 25. Qb3 Rab8 26. a5 a6 27. Qc3 Qe8 28. Qe1 Qd7
29. b4 Ba7 30. h4 Rh8 31. Rd1 c5 32. c3 cxb4 33. cxb4 Nd4 34. Nxd4 Bxd4 35. Rc2
Rbc8 36. Rxc8 Rxc8 37. Rb1 Qc6 38. h5 Qc2 39. Qd1 Qf2 40. Nd2 Qh4+ 41. Kg2 Qg3+
42. Kh1 Qh3# 0-1

[Event "XVI Open"]
[Site "Crema ITA"]
[Date "2015.09.06"]
[Round "5"]
[White "Popovich, Fabio"]
[Black "Giuriato, Sergio"]
[WhiteElo "2018"]
[BlackElo "1918"]
[Result "1/2-1/2"]
[PlyCount "45"]
[EventDate "2015.09.04"]

1. c4 e6 2. g3 d5 3. d4 Nf6 4. Nf3 Be7 5. Bg2 O-O 6. O-O dxc4 7. Qc2 a6 8. Qxc4
b5 9. Qc2 Bb7 10. Bd2 Be4 11. Qc1 Bd6 12. a4 b4 13. a5 Nbd7 14. Bg5 Qc8 15.
Nbd2 Bd5 16. Ne1 Bxg2 17. Nxg2 h6 18. Bf4 Bxf4 19. Nxf4 c5 20. dxc5 Qxc5 21.
Qxc5 Nxc5 22. Nc4 Rad8 23. Rfd1 1/2-1/2

[Event "XVI Open"]
[Site "Crema ITA"]
[Date "2015.09.06"]
[Round "5"]
[White "Raimondi, Celso"]
[Black "Pricop, Alexandru"]
[WhiteElo "1609"]
[BlackElo "1479"]
[Result "1-0"]
[PlyCount "83"]
[EventDate "2015.09.04"]

1. d4 Nf6 2. c4 g6 3. Nc3 Bg7 4. e4 d6 5. Nf3 O-O 6. Be2 Nbd7 7. O-O e5 8. d5
Nb6 9. b4 Nfd7 10. Bg5 f6 11. Bh4 Qe8 12. Ne1 f5 13. f3 Nf6 14. Bf2 fxe4 15.
fxe4 Bd7 16. c5 Na4 17. Nxa4 Bxa4 18. Qd3 Bb5 19. Qxb5 Qxb5 20. Bxb5 a6 21. Bd3
Nh5 22. Nf3 Bh6 23. Rae1 Nf6 24. Be3 Bg7 25. Ng5 Rfe8 26. Ne6 h6 27. Nxc7 Rac8
28. Nxe8 Rxe8 29. cxd6 Rd8 30. Bc5 Kf7 31. b5 axb5 32. Bxb5 Bf8 33. Rf2 Bxd6
34. Bxd6 Rxd6 35. Rc1 Kg8 36. Bd3 Ng4 37. Rfc2 Rb6 38. h4 g5 39. h5 Ne3 40.
Rc8+ Kf7 41. R1c7+ Kf6 42. Rf8# 1-0

[Event "XVI Open"]
[Site "Crema ITA"]
[Date "2015.09.06"]
[Round "5"]
[White "Ranfagni, Stefano"]
[Black "Tahiraj, Almir"]
[WhiteElo "1941"]
[BlackElo "1855"]
[Result "0-1"]
[PlyCount "98"]
[EventDate "2015.09.04"]

1. c4 e5 2. Nc3 d6 3. g3 g6 4. Bg2 Bg7 5. d3 f5 6. Nh3 Nf6 7. O-O O-O 8. Qb3 c6
9. e4 Qe7 10. f4 Na6 11. Qc2 h6 12. a3 Be6 13. b4 Qd7 14. Nf2 Nc7 15. Be3 Nh5
16. fxe5 dxe5 17. Qd2 f4 18. Bc5 Rf7 19. g4 Nf6 20. d4 exd4 21. Rad1 Nxg4 22.
Nxg4 Bxg4 23. Bf3 Bxf3 24. Rxf3 b6 25. Bxd4 Bxd4+ 26. Kh1 c5 27. bxc5 bxc5 28.
Nd5 Ne6 29. Qg2 Kg7 30. h4 Rb8 31. h5 g5 32. Qc2 Nf8 33. Rxd4 cxd4 34. Qd3 Qg4
35. Qxd4+ Kg8 36. Rf1 Qxh5+ 37. Kg1 Qg4+ 38. Kh1 f3 39. Ne3 Qh3+ 40. Kg1 g4 41.
Qd5 Rd8 42. Qxd8 f2+ 43. Rxf2 Qxe3 44. Qd2 Qxf2+ 45. Qxf2 Rxf2 46. Kxf2 Nd7 47.
Kg3 h5 48. Kf4 Kf7 49. e5 Ke6 0-1

[Event "XVI Open"]
[Site "Crema ITA"]
[Date "2015.09.06"]
[Round "5"]
[White "Romito, Donato"]
[Black "Colombo, Luca"]
[WhiteElo "1691"]
[BlackElo "1836"]
[Result "1-0"]
[PlyCount "117"]
[EventDate "2015.09.04"]

1. d4 Nf6 2. Nf3 g6 3. Bg5 Bg7 4. e3 O-O 5. Bd3 d6 6. Nbd2 Nbd7 7. O-O h6 8.
Bh4 b6 9. e4 Bb7 10. c3 c5 11. h3 Re8 12. Qe2 e5 13. d5 Qc7 14. Nh2 Nh5 15. Bg3
Nxg3 16. fxg3 Qd8 17. Bb5 Rf8 18. Bxd7 Qxd7 19. g4 a6 20. Nc4 Qc7 21. Ne3 b5
22. h4 Bc8 23. h5 Bd7 24. hxg6 fxg6 25. Nf3 c4 26. Nh4 Kh7 27. Rxf8 Rxf8 28.
Rf1 Rf4 29. Rxf4 exf4 30. Nd1 Qd8 31. Qe1 Bxg4 32. Nf3 Bxf3 33. gxf3 Qg5+ 34.
Kf1 h5 35. Nf2 Qg3 36. Ke2 h4 37. Qh1 Qg5 38. Ng4 Qd8 39. a3 g5 40. Qg1 Qc7 41.
Nh2 Kh6 42. Qg4 Qd8 43. Qe6+ Kh7 44. Qf5+ Kh8 45. Ng4 a5 46. Qg6 Qe7 47. Qf5
Kg8 48. Qg6 Kf8 49. Qf5+ Kg8 50. Qc8+ Qf8 51. Qe6+ Kh7 52. e5 Bxe5 53. Nxe5
dxe5 54. d6 Kg7 55. d7 a4 56. Qxe5+ Kh6 57. Qe6+ Kg7 58. Qe8 Qc5 59. d8=Q 1-0

[Event "XVI Open"]
[Site "Crema ITA"]
[Date "2015.09.06"]
[Round "5"]
[White "Rotoni, Matteo"]
[Black "Giordano, Massimiliano"]
[WhiteElo "2088"]
[BlackElo "1977"]
[Result "1-0"]
[PlyCount "67"]
[EventDate "2015.09.04"]

1. e4 c6 2. d4 d5 3. e5 c5 4. dxc5 Nc6 5. a3 a5 6. Bb5 e6 7. Be3 Bd7 8. Bxc6
Bxc6 9. Nf3 Qc7 10. O-O Ne7 11. Nc3 Nf5 12. Bd4 Nxd4 13. Qxd4 Be7 14. b4 axb4
15. axb4 O-O 16. Nd2 f6 17. f4 fxe5 18. fxe5 Rxa1 19. Rxa1 Bg5 20. Nf3 Bh6 21.
Qd3 b6 22. b5 Be8 23. c6 Bg6 24. Qd4 Qd8 25. Ra7 Rxf3 26. c7 Qxc7 27. Rxc7 Be3+
28. Qxe3 Rxe3 29. Rc6 Rxe5 30. Rxb6 Bxc2 31. Rb8+ Kf7 32. b6 Bd3 33. b7 Rf5 34.
h3 1-0

[Event "XVI Open"]
[Site "Crema ITA"]
[Date "2015.09.06"]
[Round "5"]
[White "Scarabelli, Maurizio"]
[Black "Distratis, Gianluca"]
[WhiteElo "1739"]
[BlackElo "1955"]
[Result "1-0"]
[PlyCount "65"]
[EventDate "2015.09.04"]

1. e4 d5 2. exd5 Nf6 3. d4 Nxd5 4. c4 Nb6 5. Nf3 g6 6. Nc3 Bg7 7. c5 N6d7 8.
Bc4 O-O 9. O-O b6 10. Be3 e6 11. Re1 bxc5 12. dxc5 Qe7 13. Ne4 Bxb2 14. Rb1 Bg7
15. Bg5 Qe8 16. Bf4 e5 17. Bd5 c6 18. Nd6 Qd8 19. Bg5 Bf6 20. Bh6 Nxc5 21. Bxf8
Kxf8 22. Bxf7 e4 23. Bc4 Bf5 24. Nxf5 gxf5 25. Qxd8+ Bxd8 26. Nd4 f4 27. Ne6+
Nxe6 28. Bxe6 e3 29. fxe3 fxe3 30. Rb7 Na6 31. Rxh7 Rb8 32. Rf1+ Ke8 33. Bd7#
1-0

[Event "XVI Open"]
[Site "Crema ITA"]
[Date "2015.09.06"]
[Round "5"]
[White "Swannie, Douglas"]
[Black "Folcini, Gaddo"]
[WhiteElo "1872"]
[BlackElo "1585"]
[Result "0-1"]
[PlyCount "60"]
[EventDate "2015.09.04"]

1. Nf3 e5 2. Nxe5 Nc6 3. Nf3 Nf6 4. g3 d5 5. Bg2 Bg4 6. O-O Be7 7. b3 h5 8. h3
Bxf3 9. exf3 Qd7 10. Bb2 O-O-O 11. a4 g5 12. a5 g4 13. fxg4 hxg4 14. h4 Rh6 15.
Ra4 Rg8 16. Ba3 Bd6 17. Bxd6 Qxd6 18. Nc3 Nb4 19. Nb5 Qc5 20. d4 Qxb5 21. Qd2
Rgh8 22. Qxb4 Qa6 23. c4 Ne4 24. Bxe4 dxe4 25. Qd2 Qf6 26. f4 gxf3 27. Qf2 Qg5
28. Qxf3 exf3 29. hxg5 Rh1+ 30. Kf2 R8h2+ 0-1

[Event "XVI Open"]
[Site "Crema ITA"]
[Date "2015.09.06"]
[Round "5"]
[White "Tedoldi, Guido"]
[Black "Volpati, Antonio"]
[WhiteElo "1512"]
[BlackElo "1644"]
[Result "0-1"]
[PlyCount "112"]
[EventDate "2015.09.04"]

1. c4 Nf6 2. Nc3 g6 3. e4 d6 4. g3 Bg7 5. Bg2 c5 6. Nge2 Nc6 7. d3 Rb8 8. O-O
O-O 9. Bg5 a6 10. Qd2 Bd7 11. Rac1 b5 12. cxb5 axb5 13. Nd5 Nxd5 14. exd5 Nd4
15. Rfe1 Re8 16. b4 Nxe2+ 17. Rxe2 Bg4 18. Ree1 Qd7 19. bxc5 dxc5 20. Rxc5 b4
21. Qc1 e6 22. dxe6 Bxe6 23. Bc6 Qxd3 24. Bxe8 Rxe8 25. Rc7 Qf3 26. Rxe6 fxe6
27. Rxg7+ Kxg7 28. Qc7+ Kg8 29. Bh6 Qf7 30. Qe5 Rd8 31. h4 Rd1+ 32. Kg2 Qb7+
33. Kh3 Qd7 34. Qb8+ Qd8 35. Qxb4 Rh1+ 36. Kg4 Qd1+ 37. Kg5 Qd5+ 38. Kf6 Qf5+
39. Ke7 Qf7+ 40. Kd6 Rd1+ 41. Kc6 Qe8+ 42. Kb7 Qd7+ 43. Kb6 Rd6+ 44. Ka5 Qc7+
45. Ka4 Ra6+ 46. Kb3 Rb6 47. a3 Rxb4+ 48. axb4 Qc6 49. Be3 Qb5 50. Bc5 Kf7 51.
Kc3 e5 52. g4 Ke6 53. g5 Kd5 54. Kd2 Ke4 55. Kc3 Qd3+ 56. Kb2 Qc4 0-1

[Event "XVI Open"]
[Site "Crema ITA"]
[Date "2015.09.06"]
[Round "5"]
[White "Trifoni, Giorgio"]
[Black "Piana, Bruno"]
[WhiteElo "1644"]
[BlackElo "1410"]
[Result "1-0"]
[PlyCount "47"]
[EventDate "2015.09.04"]

1. c4 e5 2. g3 Nc6 3. Bg2 Nf6 4. Nc3 Bb4 5. d3 Bxc3+ 6. bxc3 O-O 7. e4 Re8 8.
Ne2 d6 9. O-O Be6 10. f4 exf4 11. Nxf4 Bg4 12. Qb3 Rb8 13. Be3 a6 14. Rf2 Qd7
15. Raf1 Na5 16. Qc2 Be6 17. Bd4 Ng4 18. Rf3 Nc6 19. h3 Nge5 20. R3f2 f6 21.
Nxe6 Qxe6 22. Qe2 Nd7 23. e5 dxe5 24. Bd5 1-0

[Event "XVI Open"]
[Site "Crema ITA"]
[Date "2015.09.06"]
[Round "5"]
[White "Ventura, Salvatore"]
[Black "Masotti, Roberto"]
[WhiteElo "2083"]
[BlackElo "1859"]
[Result "1/2-1/2"]
[PlyCount "130"]
[EventDate "2015.09.04"]

1. c4 Nf6 2. g3 g6 3. Bg2 d5 4. cxd5 Nxd5 5. Nc3 Nb6 6. d3 Bg7 7. Be3 Nc6 8.
Rc1 Nd4 9. Nf3 Nxf3+ 10. Bxf3 c6 11. h4 h5 12. Qd2 Be6 13. O-O Nd5 14. Nxd5
Bxd5 15. Bxd5 Qxd5 16. Qb4 b6 17. Qa4 O-O 18. Rxc6 Bxb2 19. Rc7 b5 20. Qa6 e6
21. Rb1 Qe5 22. Rc5 Qf6 23. Rxb5 Bd4 24. Bxd4 Qxd4 25. Rc1 Rab8 26. Rxb8 Rxb8
27. Rc8+ Rxc8 28. Qxc8+ Kg7 29. Qc4 Qb2 30. e3 Qb1+ 31. Kg2 Qb7+ 32. Qe4 Qb1
33. Qd4+ Kg8 34. Qxa7 Qxd3 35. Qa8+ Kg7 36. a4 g5 37. hxg5 Qf5 38. a5 h4 39.
gxh4 Qg4+ 40. Kh1 Qxh4+ 41. Kg1 Qg4+ 42. Qg2 Qd1+ 43. Kh2 Qa4 44. Qf3 Qxa5 45.
Qf6+ Kg8 46. Kg3 Qc7+ 47. Qf4 Qc1 48. Qb8+ Kg7 49. Qe5+ Kg8 50. Kg2 Qd1 51. Qe4
Qh5 52. Qf4 Qd1 53. Kg3 Qg1+ 54. Kf3 Qd1+ 55. Kg2 Qh5 56. f3 Qg6 57. e4 Qh5 58.
Qg4 Qg6 59. Kg3 Qg7 60. g6 Qxg6 61. Qxg6+ fxg6 62. Kf4 Kg7 63. e5 Kh6 64. Kg4
g5 65. Kh3 Kh5 1/2-1/2

[Event "XVI Open"]
[Site "Crema ITA"]
[Date "2015.09.06"]
[Round "5"]
[White "Vuelban, Virgilio"]
[Black "Lazic, Miroljub"]
[WhiteElo "2327"]
[BlackElo "2466"]
[Result "1/2-1/2"]
[PlyCount "28"]
[EventDate "2015.09.04"]

1. e4 d6 2. d4 Nf6 3. Nc3 e5 4. Nf3 Nbd7 5. Bc4 Be7 6. O-O O-O 7. Re1 c6 8. a4
a5 9. h3 exd4 10. Nxd4 Nc5 11. Bf4 Ne8 12. Qf3 Be6 13. Bf1 Bg5 14. Rad1 Qf6
1/2-1/2